Countries Starting with 'N' - Statistics

General Stats
  • This quiz has been taken 202 times
  • The average score is 10 of 11
Answer Stats
Continent Country % Correct
Africa Niger
93%
Africa Nigeria
92%
Africa Namibia
91%
Europe Norway
91%
North America Nicaragua
90%
Oceania New Zealand
87%
Asia Nepal
85%
Asia North Korea
85%
Europe Netherlands
84%
Europe North Macedonia
83%
Oceania Nauru
80%
No matching quizzes found
Score Distribution
Percent of People with Each Score
Percentile by Number Answered
Your Score History
You have not taken this quiz